000 00621nam a2200205Ia 4500
003 OSt
005 20230427094750.0
008 210423s2007 xx 000 0 und d
020 _a8130906457
040 _cAL
041 _aeng
082 _a820.9 BLOV
_223
100 _aBLOOM (Harold),Ed.
_993696
245 _aViva modern critical interpretations F Scott Fitzgerald''s the great gatsby.
260 _aNew Delhi
_bViva Books Pvt Ltd
_c2007
300 _avii,230
_bPB
365 _b145
_cINR
906 _acritical ; F ; Fitzgerald''s ; gatsby. ; great ; interpretations ; modern ; Scott ; Viva
942 _2ddc
_cBK
999 _c161747
_d161747